[Event "AUTO-OPEN-2246"]
[Site "http://www.queenalice.com/game.php?id=893074"]
[Date "2011.1.30"]
[Round "1"]
[White "sadock8472"]
[Black "Myname"]
[Result "1-0"]
[WhiteElo "1797"]
[BlackElo "1253"]

1. d4 d5 2. Nf3 Bg4 3. Ne5 e6 4. Nxg4 Bb4+ 5. Bd2 a5 6. Nc3 c5 7. dxc5 Bxc5 8.
e3 d4 9. exd4 Bxd4 10. Qf3 Nh6 11. Bxh6 gxh6 12. O-O-O a4 13. Bb5+ Nc6 14. Bxc6+
bxc6 15. Nxh6 Qe7 16. Rxd4 a3 17. Qxc6+ 1-0

[Event "AUTO-OPEN-2246"]
[Site "http://www.queenalice.com/game.php?id=893075"]
[Date "2011.1.30"]
[Round "1"]
[White "Myname"]
[Black "sadock8472"]
[Result "0-1"]
[WhiteElo "1251"]
[BlackElo "1799"]

1. e4 e5 2. Qf3 Nf6 3. Bc4 d6 4. d3 Nc6 5. Bg5 Nd4 6. Qd1 Be7 7. c3 Nc6 8. Bxf6
Bxf6 9. Qh5 g6 10. Qh6 Be6 11. Bxe6 fxe6 12. Ne2 Qd7 13. O-O O-O-O 14. Nd2 d5
15. f3 d4 16. c4 Nb4 17. Rfc1 Nxd3 0-1

[Event "AUTO-OPEN-2246"]
[Site "http://www.queenalice.com/game.php?id=893098"]
[Date "2011.1.30"]
[Round "1"]
[White "castropereira"]
[Black "Myname"]
[Result "1-0"]
[WhiteElo "1243"]
[BlackElo "1363"]

1. e4 e5 2. Nf3 Qf6 3. Nc3 Bb4 4. a3 Bc5 5. Nd5 Qd6 6. b4 Bd4 7. c4 c6 8. Rb1
Nf6 9. Nxd4 exd4 10. a4 cxd5 11. exd5 O-O 12. Rb3 Qe5+ 13. Re3 dxe3 14. dxe3 d6
15. c5 dxc5 16. d6 Rd8 17. f4 Qc3+ 18. Bd2 Bg4 19. Bxc3 Bxd1 20. Kxd1 Ne4 21.
Be5 1-0

[Event "AUTO-OPEN-2246"]
[Site "http://www.queenalice.com/game.php?id=893099"]
[Date "2011.1.30"]
[Round "1"]
[White "Myname"]
[Black "castropereira"]
[Result "0-1"]
[WhiteElo "1386"]
[BlackElo "1220"]

1. e4 Nf6 2. e5 Ne4 3. d4 f6 4. Nc3 Nxc3 5. bxc3 fxe5 6. dxe5 d6 7. Bf4 dxe5 8.
Bxe5 Nc6 9. Bb5 a6 10. Bxc6+ bxc6 11. Qd4 Qxd4 12. cxd4 Bb7 13. Bxc7 c5 14. dxc5
Be4 15. c4 Kd7 16. Bf4 Bxg2 17. O-O-O+ Ke8 18. Ne2 Rc8 19. Rhg1 Bf3 20. Rd2 Rxc5
0-1

[Event "AUTO-OPEN-2246"]
[Site "http://www.queenalice.com/game.php?id=893114"]
[Date "2011.1.30"]
[Round "1"]
[White "Myname"]
[Black "k2hansen"]
[Result "1-0"]
[WhiteElo "1388"]
[BlackElo "1482"]

1. e4 e6 2. e5 Nc6 3. d4 Na5 4. Bf4 c6 5. c3 Qb6 6. b4 Bxb4 7. cxb4 Qxb4+ 8. Bd2
Qxd4 9. Nf3 Qxa1 10. Bxa5 Qxa2 11. Bc7 Ne7 12. Nh4 O-O 13. Bd3 Nd5 14. Bd6 Re8
15. Qh5 Nf4 16. Qxh7# 1-0

[Event "AUTO-OPEN-2246"]
[Site "http://www.queenalice.com/game.php?id=893115"]
[Date "2011.1.30"]
[Round "1"]
[White "k2hansen"]
[Black "Myname"]
[Result "1/2-1/2"]
[WhiteElo "1428"]
[BlackElo "1388"]

1. e3 e5 2. f4 e4 3. Nc3 d5 4. Nh3 Bxh3 5. gxh3 Qh4+ 6. Ke2 Nf6 7. Nb5 Na6 8. c3
g6 9. Qa4 c6 10. Nd4 Ng4 11. hxg4 Qxg4+ 12. Ke1 Nc5 13. Qb4 b6 14. Nxc6 Nd3+ 15.
Bxd3 exd3 16. Qb5 Qh4+ 17. Kf1 Qh3+ 18. Ke1 Qh4+ 19. Kf1 Qh3+ 20. Ke1 Qh4+ 21.
Kf1 1/2-1/2

[Event "AUTO-OPEN-2247"]
[Site "http://www.queenalice.com/game.php?id=893494"]
[Date "2011.1.30"]
[Round "1"]
[White "jeffcom2f"]
[Black "Myname"]
[Result "1-0"]
[WhiteElo "1926"]
[BlackElo "1408"]

1. e4 e5 2. Nc3 Bc5 3. Nf3 Nc6 4. Na4 d6 5. Nxc5 dxc5 6. Bb5 Bg4 7. Bxc6+ bxc6
8. d3 Nf6 9. Bg5 O-O 10. O-O h6 11. Bxf6 Qxf6 12. Qe2 Qg6 13. Qe3 Bh3 14. Nh4
Qg4 15. Qxh3 Qe2 16. Rac1 c4 17. Rfe1 Qd2 18. Nf3 cxd3 19. Nxd2 Rad8 20. cxd3 f6
21. Rxc6 a5 22. Rxc7 Rf7 23. Rc8 1-0

[Event "AUTO-OPEN-2247"]
[Site "http://www.queenalice.com/game.php?id=893495"]
[Date "2011.1.30"]
[Round "1"]
[White "Myname"]
[Black "jeffcom2f"]
[Result "0-1"]
[WhiteElo "1398"]
[BlackElo "1909"]

1. e4 e5 2. d4 exd4 3. Qxd4 Nc6 4. Qd1 Bc5 5. Qf3 Nf6 6. Bg5 Ne5 7. Qd1 Qe7 8.
Bxf6 Qxf6 9. f3 d6 10. h3 Qh4+ 11. Kd2 Qf4+ 12. Ke1 Be6 13. Bd3 Qg3+ 14. Kd2
Qxg2+ 15. Be2 Qxh1 16. Bb5+ c6 17. Bd3 Bxg1 18. f4 Nf3+ 19. Kc3 Bd4+ 0-1

[Event "AUTO-OPEN-2247"]
[Site "http://www.queenalice.com/game.php?id=893516"]
[Date "2011.1.30"]
[Round "1"]
[White "deepblueII"]
[Black "Myname"]
[Result "1-0"]
[WhiteElo "1806"]
[BlackElo "1307"]

1. e4 e5 2. d4 d5 3. Nc3 dxe4 4. Nxe4 f5 5. Ng5 Qxd4 6. Qxd4 exd4 7. Bd3 Nc6 8.
Bf4 h6 9. N5f3 Nb4 10. Nxd4 Bc5 11. Be5 Nc6 12. Nxc6 bxc6 13. Bxc7 Bd4 14. O-O-O
Ne7 15. Nf3 Bxf2 16. Ne5 f4 17. Rhe1 Bxe1 18. Rxe1 Bf5 19. Bxf5 O-O 20. Bd3 Nd5
21. Bg6 Nxc7 22. Nxc6 1-0

[Event "AUTO-OPEN-2247"]
[Site "http://www.queenalice.com/game.php?id=893517"]
[Date "2011.1.30"]
[Round "1"]
[White "Myname"]
[Black "deepblueII"]
[Result "0-1"]
[WhiteElo "1396"]
[BlackElo "1592"]

1. e4 e5 2. Qf3 Nf6 3. Bc4 d6 4. d3 Be7 5. Bg5 Bg4 6. Qg3 Be6 7. Bxf6 Bxf6 8.
Nh3 Nc6 9. f4 Bxc4 10. dxc4 Bh4 11. O-O Bxg3 12. hxg3 exf4 13. Rxf4 Nd4 0-1

[Event "AUTO-OPEN-2247"]
[Site "http://www.queenalice.com/game.php?id=893528"]
[Date "2011.1.30"]
[Round "1"]
[White "ciceroeduardo"]
[Black "Myname"]
[Result "1-0"]
[WhiteElo "1686"]
[BlackElo "1330"]

1. e4 e5 2. f4 d5 3. exd5 exf4 4. Nf3 Qxd5 5. Nc3 Qh5 6. Be2 Bg4 7. O-O Bc5+ 8.
d4 Bd6 9. Nb5 Nf6 10. Nxd6+ cxd6 11. Bxf4 O-O 12. Bxd6 Nbd7 13. Bxf8 Rxf8 14. c3
h6 15. Qc2 Re8 16. Rae1 Re3 17. b4 b5 18. Bxb5 Nd5 19. Bxd7 1-0

[Event "AUTO-OPEN-2247"]
[Site "http://www.queenalice.com/game.php?id=893529"]
[Date "2011.1.30"]
[Round "1"]
[White "Myname"]
[Black "ciceroeduardo"]
[Result "0-1"]
[WhiteElo "1309"]
[BlackElo "1683"]

1. Nf3 d5 2. d4 Nc6 3. Bf4 Nf6 4. e3 Bg4 5. Be2 e6 6. Nc3 Bb4 7. Bb5 O-O 8. h3
Bxf3 9. gxf3 a6 10. Bxc6 bxc6 11. Bg5 c5 12. Qd3 cxd4 13. Qxd4 c5 14. Qf4 Nh5
15. Bxd8 Nxf4 16. exf4 Bxc3+ 17. bxc3 Raxd8 18. O-O-O Rd6 19. a4 f5 0-1

[Event "AUTO-INT-1939"]
[Site "http://www.queenalice.com/game.php?id=893703"]
[Date "2011.1.31"]
[Round "1"]
[White "santhiago"]
[Black "Myname"]
[Result "1-0"]
[WhiteElo "1726"]
[BlackElo "1311"]

1. e4 e5 2. d4 d5 3. Qh5 g6 4. Qxe5+ Be6 5. Qxh8 Bb4+ 6. c3 Bd6 7. Nf3 h5 8.
Qxg8+ Bf8 9. Bg5 Qd6 10. Ne5 Nd7 11. Bb5 dxe4 12. O-O c6 13. Ba4 b5 14. Bb3 Nxe5
15. dxe5 Qxe5 16. Bh6 Kd7 17. Rd1+ Kc7 18. Bg7 Qxg7 19. Qxg7 1-0

[Event "AUTO-INT-1939"]
[Site "http://www.queenalice.com/game.php?id=893704"]
[Date "2011.1.31"]
[Round "1"]
[White "Myname"]
[Black "santhiago"]
[Result "0-1"]
[WhiteElo "1328"]
[BlackElo "1727"]

1. e4 d5 2. Nc3 d4 3. Nd5 e6 4. Nf4 e5 5. Nd5 Nf6 6. d3 Bg4 7. f3 Bh5 8. Bg5 h6
9. g4 hxg5 10. Nxf6+ Qxf6 11. gxh5 Rxh5 12. Bh3 Nc6 13. f4 Qxf4 14. Qe2 Qh4+ 15.
Qf2 Bb4+ 16. c3 dxc3 17. Qxh4 Rxh4 0-1

[Event "AUTO-INT-1939"]
[Site "http://www.queenalice.com/game.php?id=893715"]
[Date "2011.1.31"]
[Round "1"]
[White "gramory"]
[Black "Myname"]
[Result "1-0"]
[WhiteElo "1682"]
[BlackElo "1390"]

1. e4 e5 2. Nf3 Nf6 3. Nc3 c6 4. Bc4 b5 5. Bb3 d5 6. exd5 Nxd5 7. Nxd5 cxd5 8.
Nxe5 Be6 9. d4 Bb4+ 10. c3 Qa5 11. cxb4 Qxb4+ 12. Qd2 Na6 13. O-O O-O 14. Qxb4
Nxb4 15. Bd2 Nc2 16. Bxc2 Rac8 17. Rac1 a5 18. Bxa5 f6 19. Nf3 1-0

[Event "AUTO-INT-1939"]
[Site "http://www.queenalice.com/game.php?id=893716"]
[Date "2011.1.31"]
[Round "1"]
[White "Myname"]
[Black "gramory"]
[Result "0-1"]
[WhiteElo "1313"]
[BlackElo "1686"]

1. Nc3 e5 2. e4 Nc6 3. Bc4 Nf6 4. d3 Nd4 5. f4 d6 6. f5 h6 7. Nd5 Nxd5 8. Bxd5
c6 9. Bc4 Be7 10. Qg4 g5 11. Qh5 d5 12. exd5 cxd5 13. Bb3 Nxb3 14. axb3 Bxf5 15.
Nf3 Bg6 16. Qg4 Qd6 17. O-O d4 18. Bxg5 hxg5 19. Nxg5 f5 20. Rxf5 Bxf5 21. Qxf5
Qf6 0-1